|
|
|
|
| LEADER |
00000nas a2200000 a 4500 |
| 001 |
ssj0001454266 |
| 003 |
WaSeSS |
| 005 |
20200512172242.0 |
| 006 |
m d |
| 007 |
cr n |
| 008 |
910122c19919999nyuqr p s 0 a0eng c |
| 010 |
|
|
|a 91643116
|z sn 91000062
|
| 016 |
7 |
|
|a 010214219
|2 Uk
|
| 022 |
|
|
|l 1054-853X
|y 1054-853X
|
| 030 |
|
|
|a IJEEEJ
|
| 035 |
|
|
|a (WaSeSS)ssj0001454266
|
| 037 |
|
|
|b Nova Science Publishers, Inc., 283 Commack Rd., Suite 300, Commack, NY 11725-3401
|
| 040 |
|
|
|a NSD
|b eng
|c NSD
|d DLC
|d NSD
|d DLC
|d CAS
|d DLC
|d NST
|d SYS
|d OCLCQ
|d DLC
|d OCLCQ
|d UKMGB
|d OCLCQ
|d OCLCF
|d OCLCO
|d CUS
|d U3G
|d WaSeSS
|
| 042 |
|
|
|a nsdp
|a pcc
|
| 050 |
0 |
0 |
|a TD195.E49
|b I57
|
| 082 |
0 |
0 |
|a 333.79/14
|2 20
|
| 210 |
0 |
|
|a Int. j. energy environ. econ.
|
| 222 |
|
0 |
|a International journal of energy, environment, economics
|
| 245 |
0 |
0 |
|a International journal of energy, environment, economics
|h [electronic resource].
|
| 246 |
1 |
3 |
|a IJEEE
|
| 260 |
|
|
|a Commack, N.Y. :
|b Nova Science Publishers,
|c 1991-
|
| 310 |
|
|
|a Quarterly
|
| 362 |
0 |
|
|a Vol. 1, no. 1-
|
| 500 |
|
|
|a Title from cover.
|
| 506 |
|
|
|a License restrictions may limit access.
|
| 515 |
|
|
|a Per publisher: Vol. 12, no. 1 (2002) is incorrectly marked as 2003 on cover and 2004 on contents p. Vol. 12, no. 2 (2002) is marked as 2003.
|
| 515 |
|
|
|a Some issues combined.
|
| 588 |
|
|
|a Latest issue consulted: Vol. 12, no. 2, published in 2003.
|
| 650 |
|
0 |
|a Energy consumption
|x Environmental aspects
|v Periodicals.
|
| 650 |
|
0 |
|a Energy consumption
|x Economic aspects
|v Periodicals.
|
| 650 |
|
7 |
|a Energy consumption
|x Economic aspects.
|2 fast
|0 (OCoLC)fst00909994
|
| 650 |
|
7 |
|a Energy consumption
|x Environmental aspects.
|2 fast
|0 (OCoLC)fst00909997
|
| 655 |
|
0 |
|a Electronic journals.
|
| 850 |
|
|
|a DLC
|a MdBJ
|a NcD
|
| 853 |
0 |
0 |
|8 1
|a v.
|b no.
|i (year)
|
| 856 |
4 |
0 |
|z Full text available from Research Library: 01/01/2011 to 05/31/2017
|u https://search.proquest.com/publication/2034867
|
| 863 |
4 |
0 |
|8 1
|a <1>-
|i <1991>-
|x provisional
|